000 00555nam a2200205Ia 4500
003 IN-BaIIA
008 211028s9999 xx 000 0 eng d
020 _a8053-5218-X
040 _cIIA Library
080 _a539.18
_bKAR
100 _aKarplus, Martin
_96952
245 0 _aAtoms and molecules
_cMartin Karplus and R. N. Porter
260 _aNew York
_bW. A. Benjamin
_c1970
300 _axiv, 620p.
650 _aAtomic physics
_91547
650 _aMolecular physics
_91914
650 _aNASA thesaurus
700 _aPorter, R. N.
_96953
942 _cBK
999 _c3903
_d3903